00318nam a2200133Ia 4500003000400000005001700004008004100021020001500062040001700077100002600094245003200120260002300152260000900175OSt20240318143354.0170524s9999 xx 000 0 und d a9390951178 cIIMTU MEERUT aKalara- J Inder Singh 0aPrashad cooking with indian bAllied Publication c1986